European Countries in the European Union - Statistics

General Stats
  • This quiz has been taken 13 times
  • The average score is 27 of 28
Answer Stats
Year Joined Answer % Correct
1995 Austria
100%
1957 Belgium
100%
2013 Croatia
100%
1973 Denmark
100%
1995 Finland
100%
1957 Germany
100%
1981 Greece
100%
1957 Italy
100%
1957 Luxembourg
100%
1957 Netherlands
100%
2004 Poland
100%
2004 Slovakia
100%
2004 Slovenia
100%
1986 Spain
100%
1995 Sweden
100%
1973 United Kingdom
100%
2004 Czech Republic
92%
2004 Estonia
92%
1957 France
92%
2004 Hungary
92%
1973 Ireland
92%
2004 Latvia
92%
2004 Lithuania
92%
2004 Malta
92%
1986 Portugal
92%
2007 Bulgaria
85%
2004 Cyprus
85%
2007 Romania
85%
No matching quizzes found
Score Distribution
Percent of People with Each Score
Percentile by Number Answered
Your Score History
You have not taken this quiz